[Event "Quebec op inv."]
[Site "Montreal CAN"]
[Date "2013.07.28"]
[Round "9.1"]
[White "Moradiabadi, Elshan"]
[Black "Rozentalis, Eduardas"]
[Result "1/2-1/2"]
[WhiteElo "2551"]
[BlackElo "2619"]
[PlyCount "167"]
[GameId "2160767909305380"]
[EventDate "2013.07.21"]
[EventType "swiss"]
[EventRounds "9"]
[EventCountry "CAN"]

1. d4 Nf6 2. c4 e6 3. Nf3 b6 4. g3 Bb7 5. Bg2 Be7 6. O-O O-O 7. Nc3 Ne4 8. Bd2 Nxd2 9. Qxd2 Bb4 10. Rac1 d6 11. Qd3 Bxc3 12. Rxc3 Nd7 13. Rfc1 Qe7 14. Ng5 Qxg5 15. Bxb7 Rad8 16. Qe3 Qf6 17. Qf4 Qe7 18. Bc6 Nb8 19. Bg2 Nd7 20. Bc6 Nb8 21. Bg2 Nd7 22. Qe4 e5 23. dxe5 dxe5 24. Qe3 a5 25. Rd3 Nc5 26. Rd5 Rde8 27. Rd2 e4 28. Rcd1 f5 29. f3 exf3 30. Qxe7 f2+ 31. Kxf2 Rxe7 32. Bd5+ Kh8 33. a3 g6 34. b4 axb4 35. axb4 Nd7 36. Rc1 Kg7 37. h3 Rf6 38. Bf3 h5 39. h4 Rfe6 40. Rc3 Re5 41. Rd4 Nf6 42. Rd8 Rxe2+ 43. Bxe2 Ne4+ 44. Kf3 Nxc3 45. Bd3 Na2 46. b5 Nc3 47. Ra8 Rd7 48. Bf1 Rd1 49. Kg2 Rd2+ 50. Kf3 Ne4 51. Ke3 Rd7 52. Kf4 Nd2 53. Be2 Re7 54. Bf3 Nxc4 55. Bd5 Nd6 56. Rg8+ Kf6 57. Rf8+ Nf7 58. Bc6 Kg7 59. Rc8 Nd6 60. Rd8 Kf7 61. Kg5 Ne4+ 62. Kf4 Kf6 63. Rf8+ Kg7 64. Rd8 Nc5 65. Bd5 Rd7 66. Rg8+ Kf6 67. Rf8+ Kg7 68. Rg8+ Kf6 69. Rf8+ Ke7 70. Rf7+ Kd6 71. Rxd7+ Nxd7 72. Bf7 Nf8 73. Kg5 c6 74. bxc6 Kxc6 75. Kf6 Kd6 76. Bb3 b5 77. Kf7 Nd7 78. Kxg6 Ke5 79. Kxh5 Nc5 80. Bc2 Ne4 81. Kg6 Nxg3 82. h5 Nxh5 83. Kxh5 b4 84. Kg5 1/2-1/2

[Event "Quebec op inv."]
[Site "Montreal CAN"]
[Date "2013.07.28"]
[Round "9.2"]
[White "Bruzon Batista, Lazaro"]
[Black "Gerzhoy, Leonid"]
[Result "1-0"]
[WhiteElo "2689"]
[BlackElo "2462"]
[PlyCount "71"]
[GameId "2160767909305381"]
[EventDate "2013.07.21"]
[EventType "swiss"]
[EventRounds "9"]
[EventCountry "CAN"]

1. e4 e6 2. d4 d5 3. Nd2 Nf6 4. e5 Nfd7 5. f4 c5 6. Ngf3 Nc6 7. Nb3 c4 8. Nbd2 b5 9. Be2 Be7 10. Nf1 f5 11. Ne3 Nb6 12. O-O Kd7 13. b3 Kc7 14. a4 a6 15. a5 Nd7 16. bxc4 bxc4 17. Bxc4 dxc4 18. d5 Bc5 19. dxc6 Nb8 20. Qe2 Nxc6 21. Qxc4 Qe7 22. c3 Rd8 23. Kh1 Rb8 24. Nc2 Rd5 25. Nfd4 Qd7 26. Be3 Rb2 27. Nb3 Bxe3 28. Nxe3 Bb7 29. Nc5 Rxc5 30. Qxc5 Rb5 31. Qf8 Qd3 32. Rfe1 Rxa5 33. Rad1 Qe4 34. Qd6+ Kb6 35. Rd4 Ra1 36. Nc4+ 1-0

[Event "Quebec op inv."]
[Site "Montreal CAN"]
[Date "2013.07.28"]
[Round "9.9"]
[White "Oliva Castaneda, Kevel"]
[Black "Chirila, Ioan Christian"]
[Result "0-1"]
[WhiteElo "2423"]
[BlackElo "2528"]
[PlyCount "68"]
[GameId "2160767909305385"]
[EventDate "2013.07.21"]
[EventType "swiss"]
[EventRounds "9"]
[EventCountry "CAN"]

1. Nf3 Nf6 2. c4 g6 3. Nc3 d5 4. Qa4+ Bd7 5. Qb3 dxc4 6. Qxc4 Bg7 7. e4 O-O 8. e5 Be6 9. Qh4 Nh5 10. Qe4 Bf5 11. Qxb7 Nd7 12. d4 c5 13. Be3 Rb8 14. Qxa7 Rxb2 15. Qa3 Qb8 16. Be2 Bg4 17. O-O Qb4 18. Qxb4 cxb4 19. h3 Be6 20. d5 Bf5 21. Bb5 bxc3 22. Bxd7 Bxd7 23. g4 Nf6 24. exf6 Bxf6 25. a4 Rc8 26. Rfe1 c2 27. Bd4 Bxd4 28. Nxd4 Bxa4 29. Rac1 Rc5 30. Ne2 Rxd5 31. Nc3 Rd4 32. Rxe7 Rd3 33. Ne2 Rd1+ 34. Kg2 Rb1 0-1

[Event "Quebec op inv."]
[Site "Montreal CAN"]
[Date "2013.07.28"]
[Round "9.13"]
[White "Kleinman, Michael"]
[Black "Thavandiran, Shiyam"]
[Result "1/2-1/2"]
[WhiteElo "2298"]
[BlackElo "2338"]
[PlyCount "51"]
[GameId "2160767909305388"]
[EventDate "2013.07.21"]
[EventType "swiss"]
[EventRounds "9"]
[EventCountry "CAN"]

1. Nf3 Nf6 2. g3 c5 3. Bg2 Nc6 4. d4 cxd4 5. Nxd4 e5 6. Nb3 h6 7. c4 d6 8. Nc3 Be7 9. O-O O-O 10. Be3 Be6 11. Nd5 Rc8 12. Rc1 Qd7 13. Qd2 Rfd8 14. Rfd1 Ng4 15. Rc3 Bf8 16. Na1 Nxe3 17. Qxe3 Nd4 18. Nb3 Qa4 19. Rdc1 Qxa2 20. Nxd4 exd4 21. Qxd4 Qxb2 22. Qxa7 b5 23. R1c2 Qb1+ 24. Rc1 Qb2 25. R1c2 Qb1+ 26. Rc1 1/2-1/2

[Event "Quebec op inv."]
[Site "Montreal CAN"]
[Date "2013.07.28"]
[Round "9.14"]
[White "Jiang, Louie"]
[Black "Calugar, Arthur"]
[Result "1-0"]
[WhiteElo "2324"]
[BlackElo "2282"]
[PlyCount "103"]
[GameId "2160767909305389"]
[EventDate "2013.07.21"]
[EventType "swiss"]
[EventRounds "9"]
[EventCountry "CAN"]

1. e4 c5 2. Nf3 d6 3. d4 cxd4 4. Nxd4 Nf6 5. f3 Nc6 6. c4 Qb6 7. Nc2 g6 8. Nc3 Bg7 9. Rb1 Ng4 10. Qd2 Bh6 11. Qe2 Bxc1 12. Nd5 Qd8 13. Rxc1 Nf6 14. Nxf6+ exf6 15. Qd2 O-O 16. Bd3 Qb6 17. Ne3 f5 18. Nd5 Qd4 19. Bb1 Be6 20. Qxd4 Nxd4 21. Rd1 Nc6 22. exf5 Bxf5 23. Bxf5 gxf5 24. Kf2 Rfd8 25. f4 Rab8 26. a4 Na5 27. Ne3 Rbc8 28. Rd4 Re8 29. Rhd1 Re6 30. b4 Nc6 31. Rxd6 Rxd6 32. Rxd6 Nxb4 33. Rd7 a5 34. Rxb7 Nd3+ 35. Kf3 Nc5 36. Rb5 Nxa4 37. Rxa5 Nb6 38. c5 Nd7 39. Nxf5 Rxc5 40. Ra8+ Nf8 41. g4 Rb5 42. Nh6+ Kg7 43. g5 Rb7 44. Nf5+ Kg8 45. Kg4 Rd7 46. Kh5 Rd2 47. Nh6+ Kg7 48. h4 Rf2 49. f5 f6 50. gxf6+ Kxf6 51. Ng4+ Kf7 52. Nxf2 1-0

[Event "Quebec op inv."]
[Site "Montreal CAN"]
[Date "2013.07.28"]
[Round "9.17"]
[White "Morin, Yves"]
[Black "Adithya, B."]
[Result "0-1"]
[WhiteElo "2185"]
[BlackElo "2301"]
[PlyCount "94"]
[GameId "2160767909305392"]
[EventDate "2013.07.21"]
[EventType "swiss"]
[EventRounds "9"]
[EventCountry "CAN"]

1. Nf3 Nf6 2. d3 d5 3. Bg5 Nbd7 4. Nbd2 e5 5. e4 dxe4 6. dxe4 Be7 7. c3 O-O 8. Qc2 c6 9. Be2 a5 10. O-O h6 11. Bh4 Nh5 12. Bg3 Nxg3 13. hxg3 Bc5 14. Rad1 Qf6 15. Nh4 Re8 16. Nb3 Bf8 17. Bg4 Nc5 18. Bxc8 Rexc8 19. Nf5 g6 20. Nxh6+ Kg7 21. Ng4 Qg5 22. Qe2 Nxb3 23. axb3 Bc5 24. Rd7 b5 25. Qf3 Be7 26. Rfd1 Rh8 27. Ne3 a4 28. b4 a3 29. bxa3 Rxa3 30. R1d3 Qh6 31. Kf1 Qh1+ 32. Ke2 Qc1 33. Nd1 Rh1 34. Rd2 Kf8 35. Qg4 Ra8 36. Qf3 Qa1 37. Qd3 Bg5 38. Rc2 Ra2 39. Rxa2 Qxa2+ 40. Kf3 Re1 41. Qd6+ Kg7 42. Kg4 Bf6 43. Qd3 Qe6+ 44. Kf3 Be7 45. Ne3 Qf6+ 46. Kg4 Qxf2 47. Rxe7 Rxe3 0-1

[Event "Quebec op inv."]
[Site "Montreal CAN"]
[Date "2013.07.28"]
[Round "9.19"]
[White "Berube, Antoine"]
[Black "Sapozhnikov, Roman"]
[Result "0-1"]
[WhiteElo "2174"]
[BlackElo "2272"]
[PlyCount "82"]
[GameId "2160767909305393"]
[EventDate "2013.07.21"]
[EventType "swiss"]
[EventRounds "9"]
[EventCountry "CAN"]

1. c4 e5 2. g3 Nc6 3. Bg2 g6 4. Nc3 Bg7 5. d3 d6 6. e3 Nf6 7. Nge2 O-O 8. O-O Be6 9. Nd5 Qd7 10. Re1 Nd8 11. Rb1 Bh3 12. Bh1 Nh5 13. b4 f5 14. f4 Ne6 15. b5 g5 16. Bf3 Bg4 17. Bxg4 fxg4 18. Nec3 exf4 19. Qxg4 Bxc3 20. Nxc3 Nf6 21. Qf5 fxg3 22. hxg3 Nh5 23. Qh3 Qf7 24. Re2 Nc5 25. d4 g4 26. Qxg4+ Kh8 27. dxc5 Qf1+ 28. Kh2 Rf2+ 29. Rxf2 Qxf2+ 30. Kh3 Qf1+ 31. Kh4 Rg8 32. Qd4+ Nf6 33. Bb2 Qf3 34. Qxf6+ Qxf6+ 35. Kh3 Qf5+ 36. Kg2 Qc2+ 37. Kh3 Qf5+ 38. Kg2 Qc2+ 39. Kh3 Re8 40. Nd5+ Kg8 41. Nf6+ Kf7 0-1

[Event "Quebec op inv."]
[Site "Montreal CAN"]
[Date "2013.07.28"]
[Round "9.21"]
[White "Voskanyan, Vahagn"]
[Black "Ibrahim, Anthony"]
[Result "0-1"]
[WhiteElo "2241"]
[BlackElo "2161"]
[PlyCount "78"]
[GameId "2160767909305395"]
[EventDate "2013.07.21"]
[EventType "swiss"]
[EventRounds "9"]
[EventCountry "CAN"]

1. c4 Nf6 2. Nc3 e6 3. Nf3 d5 4. e3 c5 5. d4 Nc6 6. a3 cxd4 7. exd4 Be7 8. Bd3 dxc4 9. Bxc4 O-O 10. O-O b6 11. d5 Na5 12. Ba2 exd5 13. Nxd5 Nxd5 14. Bxd5 Bb7 15. Bxb7 Nxb7 16. Nd4 Bf6 17. Be3 Qd5 18. Qg4 h5 19. Qh3 Rad8 20. Rad1 Nc5 21. g4 Qe4 22. Qg2 Qxg4 23. Qxg4 hxg4 24. b4 Bxd4 25. Bxd4 Ne6 26. Be5 Rfe8 27. Kg2 Ng5 28. Bf4 Ne6 29. Be5 f5 30. Kg3 Kf7 31. Rfe1 Rh8 32. Kg2 Rh3 33. Rxd8 Nxd8 34. Rd1 Nc6 35. Bg3 g5 36. Rd7+ Ke8 37. Rc7 Nd4 38. Be5 Nf3 39. Rg7 Nxe5 0-1

[Event "Quebec op inv."]
[Site "Montreal CAN"]
[Date "2013.07.28"]
[Round "9.23"]
[White "Lo, Ryan"]
[Black "Tomb, Maroun"]
[Result "0-1"]
[WhiteElo "2068"]
[BlackElo "2133"]
[PlyCount "134"]
[GameId "2160767909305397"]
[EventDate "2013.07.21"]
[EventType "swiss"]
[EventRounds "9"]
[EventCountry "CAN"]

1. d4 Nf6 2. c4 d6 3. Nf3 Nbd7 4. Nc3 e5 5. e4 Be7 6. Be2 O-O 7. O-O c6 8. h3 a6 9. a4 a5 10. Be3 exd4 11. Nxd4 Nc5 12. Qc2 Re8 13. Rad1 Qc7 14. Bf3 Bf8 15. Rfe1 g6 16. Nb3 Na6 17. Nd2 Nb4 18. Qb1 Be6 19. b3 Rad8 20. Bg5 Bg7 21. Na2 Na6 22. Nf1 h6 23. Bf4 Nc5 24. Nc1 Bc8 25. Nd2 Nfd7 26. Nd3 Ne6 27. Bg4 Nxf4 28. Nxf4 Nc5 29. Bxc8 Rxc8 30. Nd3 Qb6 31. Nxc5 Qxc5 32. Nf3 Re6 33. Qd3 Rce8 34. Kf1 Qb4 35. Re3 Rb8 36. Nd4 Ree8 37. Nc2 Qb6 38. Kg1 h5 39. Kh1 Be5 40. Rf1 Bf4 41. Re2 Qc5 42. Qd4 Qg5 43. g3 Be5 44. Qd3 Qe7 45. f4 Bg7 46. Rfe1 b5 47. cxb5 cxb5 48. axb5 Qd7 49. Kh2 Qxb5 50. Qxb5 Rxb5 51. Rd1 Rxb3 52. Rxd6 Rb2 53. Kg2 a4 54. e5 Ra8 55. Nd4 Rxe2+ 56. Nxe2 a3 57. Rd1 f6 58. e6 f5 59. Nc1 a2 60. e7 a1=Q 61. Rd8+ Kh7 62. e8=Q Rxd8 63. Qxd8 Qxc1 64. Qe7 Qd2+ 65. Kg1 Qd4+ 66. Kf1 Qe4 67. Qh4 Qf3+ 0-1

[Event "Quebec op inv."]
[Site "Montreal CAN"]
[Date "2013.07.28"]
[Round "9.25"]
[White "Caire, Francois"]
[Black "Zhou, Qiyu"]
[Result "1/2-1/2"]
[WhiteElo "2178"]
[BlackElo "1902"]
[PlyCount "62"]
[GameId "2160767909305399"]
[EventDate "2013.07.21"]
[EventType "swiss"]
[EventRounds "9"]
[EventCountry "CAN"]

1. d4 Nf6 2. c4 e6 3. Nf3 b6 4. Nc3 Bb4 5. Bg5 Bb7 6. e3 Bxc3+ 7. bxc3 h6 8. Bh4 g5 9. Bg3 d6 10. Nd2 Nc6 11. h4 Rg8 12. hxg5 hxg5 13. Bd3 Qe7 14. Qc2 O-O-O 15. O-O-O Na5 16. f3 Rh8 17. Nb3 Nxb3+ 18. axb3 g4 19. f4 Rh5 20. Rh4 Rdh8 21. Rdh1 Qe8 22. Qe2 Rxh4 23. Rxh4 Ne4 24. Be1 f5 25. Kb2 Qg8 26. Bxe4 Bxe4 27. Rxh8 Qxh8 28. g3 Qh1 29. Qf2 Qg2 30. Qxg2 Bxg2 31. c5 bxc5 1/2-1/2

[Event "Quebec-ch U20"]
[Site "Montreal CAN"]
[Date "2013.02.08"]
[Round "1"]
[White "Kleinman, Michael"]
[Black "Saha, Ananda"]
[Result "1-0"]
[WhiteElo "2301"]
[BlackElo "1647"]
[PlyCount "86"]
[GameId "2160767909381832"]
[EventDate "2013.02.08"]
[EventType "swiss"]
[EventRounds "5"]
[EventCountry "CAN"]
[SourceTitle "EXT 2022"]
[Source "ChessBase"]
[SourceDate "2021.10.06"]
[SourceVersion "1"]
[SourceVersionDate "2021.10.06"]
[SourceQuality "1"]

1. e4 e5 2. Nf3 Nc6 3. Bb5 a6 4. Ba4 b5 5. Bb3 Nf6 6. O-O Bc5 7. a4 b4 8. Nxe5 Nxe5 9. d4 Bxd4 10. Qxd4 Nc6 11. Qd3 d6 12. a5 O-O 13. Bg5 h6 14. Bh4 Ne5 15. Qe2 Ng6 16. Bg3 Re8 17. Nd2 Bd7 18. Rfe1 Bb5 19. Qd1 Bc6 20. f3 Nh5 21. Nf1 Nxg3 22. hxg3 Qf6 23. Ra2 Bb5 24. Ne3 c6 25. Qd2 h5 26. Qxb4 h4 27. Nf5 c5 28. Qd2 Rad8 29. gxh4 Nxh4 30. Nxh4 Qxh4 31. Bd5 Re5 32. Qf2 Qh6 33. g4 g5 34. Kg2 Qf6 35. Qd2 Kg7 36. c4 Bd7 37. Rh1 Be6 38. Rh5 Bxd5 39. cxd5 Kg6 40. Ra1 Rh8 41. Rah1 Rxh5 42. Rxh5 Re7 43. Qc2 Rb7 1-0

[Event "Quebec-ch U20"]
[Site "Montreal CAN"]
[Date "2013.02.08"]
[Round "1"]
[White "Leung, Chin"]
[Black "Jiang, Louie"]
[Result "0-1"]
[WhiteElo "1712"]
[BlackElo "2353"]
[PlyCount "110"]
[GameId "2160767909381834"]
[EventDate "2013.02.08"]
[EventType "swiss"]
[EventRounds "5"]
[EventCountry "CAN"]
[SourceTitle "EXT 2022"]
[Source "ChessBase"]
[SourceDate "2021.10.06"]
[SourceVersion "1"]
[SourceVersionDate "2021.10.06"]
[SourceQuality "1"]

1. e4 c5 2. Nf3 e6 3. d4 cxd4 4. Nxd4 a6 5. Be2 Nf6 6. Bf3 Qc7 7. O-O Be7 8. Nc3 d6 9. Be3 O-O 10. Nde2 Nbd7 11. a4 Ne5 12. Nf4 Nc4 13. Bc1 Bd7 14. Nd3 Rfd8 15. b3 Ne5 16. Bb2 Nc6 17. Ne2 b5 18. axb5 axb5 19. Qd2 Rac8 20. Rfd1 h6 21. Ng3 e5 22. Nf1 Qb7 23. Ne3 Nb8 24. Nb4 Be6 25. Nbd5 Nxd5 26. Nxd5 Bg5 27. Ne3 Na6 28. Qe2 Nc5 29. Ra5 Rb8 30. Rda1 Qb6 31. Nd5 Bxd5 32. exd5 Na4 33. Rxb5 Qxb5 34. Qxb5 Rxb5 35. Rxa4 Rbb8 36. g3 Ra8 37. Rc4 f5 38. h4 Be7 39. Rc7 Kf8 40. c4 Rdc8 41. Rxc8+ Rxc8 42. Bh5 Rb8 43. Bd1 Kf7 44. Kf1 Bf6 45. Bc3 e4 46. Bd2 g5 47. h5 Bd4 48. b4 Ra8 49. Be1 Ra1 50. Ke2 Ra2+ 51. Kf1 Ra1 52. Ke2 f4 53. gxf4 gxf4 54. Bd2 Ra2 55. c5 e3 0-1

[Event "Quebec-ch U20"]
[Site "Montreal CAN"]
[Date "2013.02.08"]
[Round "1"]
[White "Nikulich, Oleksandr"]
[Black "Johnson-Constantin, Mathieu"]
[Result "1-0"]
[WhiteElo "1933"]
[BlackElo "1391"]
[PlyCount "35"]
[GameId "2160767909381835"]
[EventDate "2013.02.08"]
[EventType "swiss"]
[EventRounds "5"]
[EventCountry "CAN"]
[SourceTitle "EXT 2022"]
[Source "ChessBase"]
[SourceDate "2021.10.06"]
[SourceVersion "1"]
[SourceVersionDate "2021.10.06"]
[SourceQuality "1"]

1. Nf3 Nf6 2. d4 d5 3. c4 e6 4. Nc3 Bb4 5. Bg5 Nc6 6. e3 b6 7. Bd3 Ba6 8. Qa4 Bb7 9. Ne5 Qd6 10. c5 bxc5 11. Bb5 Ne4 12. Nxc6 Bxc3+ 13. bxc3 a6 14. Na5+ axb5 15. Qxb5+ c6 16. Qxb7 O-O 17. Be7 Qb8 18. Bxf8 1-0

[Event "Quebec-ch U20"]
[Site "Montreal CAN"]
[Date "2013.02.08"]
[Round "1"]
[White "Poulin, Mathieu"]
[Black "Fan, Run Kun"]
[Result "1/2-1/2"]
[WhiteElo "2026"]
[BlackElo "1470"]
[PlyCount "104"]
[GameId "2160767909381837"]
[EventDate "2013.02.08"]
[EventType "swiss"]
[EventRounds "5"]
[EventCountry "CAN"]
[SourceTitle "hb 2013"]

1. d4 Nf6 2. c4 g6 3. Nc3 d5 4. cxd5 Nxd5 5. e3 Bg7 6. Bc4 e6 7. Nf3 O-O 8. Qb3 Nb6 9. Be2 Nc6 10. O-O e5 11. d5 Ne7 12. Rd1 Nf5 13. Bd2 Nd6 14. Be1 Bg4 15. h3 Bxf3 16. Bxf3 f5 17. Nb5 e4 18. Be2 Rf7 19. Rac1 Nxb5 20. Bxb5 Be5 21. a4 a6 22. Bf1 a5 23. Rc5 Nd7 24. Rxa5 Rxa5 25. Bxa5 Nc5 26. Qb5 b6 27. Bc3 Bxc3 28. bxc3 Qa8 29. Ra1 Qa5 30. Qxa5 bxa5 31. Bb5 Rf6 32. Rb1 Rb6 33. Rd1 Kf7 34. Rd4 Ke7 35. Kh2 Kd6 36. Kg3 g5 37. h4 h6 38. hxg5 hxg5 39. f4 exf3 40. gxf3 Rb8 41. e4 fxe4 42. fxe4 Ke5 43. Kg4 Nxe4 44. Rc4 Nd6 45. Rxc7 Nxb5 46. axb5 Rxb5 47. c4 Rb4 48. Kxg5 Kd6 49. Rc6+ Kd7 50. c5 Rb5 51. Kf5 a4 52. Ke4 a3 1/2-1/2

[Event "Quebec-ch U20"]
[Site "Montreal CAN"]
[Date "2013.02.08"]
[Round "1"]
[White "Utepova, Alika"]
[Black "Zhu, Hong Rui"]
[Result "0-1"]
[WhiteElo "1481"]
[BlackElo "2082"]
[PlyCount "65"]
[GameId "2160767909381838"]
[EventDate "2013.02.08"]
[EventType "swiss"]
[EventRounds "5"]
[EventCountry "CAN"]
[SourceTitle "EXT 2022"]
[Source "ChessBase"]
[SourceDate "2021.10.06"]
[SourceVersion "1"]
[SourceVersionDate "2021.10.06"]
[SourceQuality "1"]

1. e4 c5 2. Nf3 d6 3. d4 cxd4 4. Nxd4 Nf6 5. Nc3 g6 6. Be3 Bg7 7. f3 Nc6 8. Bc4 O-O 9. Qd2 Bd7 10. O-O-O Rc8 11. Bb3 Nxd4 12. Bxd4 b5 13. g4 a5 14. g5 Nh5 15. Bxg7 Nxg7 16. a3 Nh5 17. Ne2 Bh3 18. Nf4 Nxf4 19. Qxf4 Rc5 20. Rhg1 Qc8 21. Rd2 b4 22. axb4 axb4 23. Rg3 Qa6 24. Rd1 Be6 25. Qe3 Qa1+ 26. Kd2 Qxb2 27. f4 Rc3 28. Qxc3 bxc3+ 29. Rxc3 Bxb3 30. Rxb3 Qd4+ 31. Kc1 Qxe4 32. Rf1 Rc8 33. Rf2 0-1

[Event "Quebec-ch U20"]
[Site "Montreal CAN"]
[Date "2013.02.08"]
[Round "1"]
[White "Wang, Kelly"]
[Black "Sturt, Raven"]
[Result "0-1"]
[WhiteElo "1679"]
[BlackElo "2301"]
[PlyCount "64"]
[GameId "2160767909381839"]
[EventDate "2013.02.08"]
[EventType "swiss"]
[EventRounds "5"]
[EventCountry "CAN"]
[SourceTitle "EXT 2022"]
[Source "ChessBase"]
[SourceDate "2021.10.06"]
[SourceVersion "1"]
[SourceVersionDate "2021.10.06"]
[SourceQuality "1"]

1. e4 e5 2. Nf3 Nc6 3. Nc3 Nf6 4. Bc4 Bc5 5. d3 d6 6. h3 Be6 7. Bb3 h6 8. Be3 Qd7 9. Bxc5 dxc5 10. Ba4 Qd6 11. Bxc6+ bxc6 12. O-O O-O 13. a3 a5 14. Qd2 Nh5 15. Ne2 g5 16. c3 Rfd8 17. Rfd1 Bb3 18. Rf1 f6 19. d4 Qe7 20. Qe3 Rd7 21. Nd2 Be6 22. dxc5 Rad8 23. Nf3 Rd3 24. Qc1 Bxh3 25. gxh3 Rxf3 26. Kg2 Rdd3 27. Ng1 Nf4+ 28. Kh2 Rxh3+ 29. Nxh3 Rxh3+ 30. Kg1 Qd7 31. Qd1 Rh1+ 32. Kxh1 Qh3+ 0-1

[Event "Quebec-ch U20"]
[Site "Montreal CAN"]
[Date "2013.02.08"]
[Round "1"]
[White "Yu, Zong Yang"]
[Black "Saine, Zachary"]
[Result "1-0"]
[WhiteElo "2112"]
[BlackElo "1511"]
[PlyCount "103"]
[GameId "2160767909381840"]
[EventDate "2013.02.08"]
[EventType "swiss"]
[EventRounds "5"]
[EventCountry "CAN"]
[SourceTitle "EXT 2022"]
[Source "ChessBase"]
[SourceDate "2021.10.06"]
[SourceVersion "1"]
[SourceVersionDate "2021.10.06"]
[SourceQuality "1"]

1. d4 d5 2. c4 e6 3. Nc3 c6 4. e3 Nf6 5. Nf3 Bd6 6. Bd3 dxc4 7. Bxc4 b5 8. Bb3 Nbd7 9. a3 Bb7 10. O-O O-O 11. e4 e5 12. Bg5 Qb8 13. dxe5 Bxe5 14. Nxe5 Qxe5 15. f4 Qc5+ 16. Kh1 h6 17. Bh4 Rad8 18. Qf3 Rde8 19. e5 Nd5 20. Ne4 Qe3 21. Nd6 Qxf3 22. Rxf3 Rb8 23. Bxd5 cxd5 24. Be7 Rfc8 25. Nxc8 Rxc8 26. Rc3 Nb6 27. Rac1 Rc4 28. Bc5 Na4 29. Rxc4 bxc4 30. Bd4 g6 31. b3 cxb3 32. Rc7 Ba6 33. Rxa7 Bb5 34. Ra8+ Kg7 35. e6+ f6 36. Ra7+ Kf8 37. Bxf6 b2 38. Bxb2 Nxb2 39. Rb7 Nd3 40. Rxb5 Nxf4 41. g3 Nxe6 42. Rxd5 Ke7 43. Re5 Kd6 44. Rxe6+ Kxe6 45. Kg2 Kd5 46. Kf3 Kd4 47. Kf4 Kd5 48. h4 Ke6 49. h5 gxh5 50. a4 Ke7 51. Kf5 Kd7 52. Kg6 1-0

[Event "Quebec-ch U20"]
[Site "Montreal CAN"]
[Date "2013.02.09"]
[Round "2"]
[White "Cote-Lalumiere, Tristan"]
[Black "Poulin, Mathieu"]
[Result "1/2-1/2"]
[WhiteElo "1859"]
[BlackElo "2025"]
[PlyCount "43"]
[GameId "2160767909381842"]
[EventDate "2013.02.08"]
[EventType "swiss"]
[EventRounds "5"]
[EventCountry "CAN"]
[SourceTitle "EXT 2022"]
[Source "ChessBase"]
[SourceDate "2021.10.06"]
[SourceVersion "1"]
[SourceVersionDate "2021.10.06"]
[SourceQuality "1"]

1. e4 c6 2. c4 d5 3. cxd5 cxd5 4. exd5 Nf6 5. Bb5+ Bd7 6. Bc4 g6 7. Nf3 Bg7 8. O-O O-O 9. d4 b5 10. Bb3 Bf5 11. Ne5 Nxd5 12. Qf3 Nb6 13. Nxf7 Qxd4 14. Be3 Qxb2 15. Bxb6 axb6 16. Qxa8 Qxa1 17. Nd8+ Kh8 18. Qxb8 Bxb1 19. Qc8 Qb2 20. Nf7+ Kg8 21. Qe6 Bf6 22. Nd6+ 1/2-1/2

[Event "Quebec-ch U20"]
[Site "Montreal CAN"]
[Date "2013.02.09"]
[Round "2"]
[White "Fan, Run Kun"]
[Black "Leung, Chin"]
[Result "1-0"]
[WhiteElo "1470"]
[BlackElo "1712"]
[PlyCount "39"]
[GameId "2160767909381843"]
[EventDate "2013.02.08"]
[EventType "swiss"]
[EventRounds "5"]
[EventCountry "CAN"]
[SourceTitle "EXT 2022"]
[Source "ChessBase"]
[SourceDate "2021.10.06"]
[SourceVersion "1"]
[SourceVersionDate "2021.10.06"]
[SourceQuality "1"]

1. Nf3 c5 2. g3 d5 3. Bg2 Nc6 4. d4 cxd4 5. Nxd4 e5 6. Nxc6 bxc6 7. c4 Nf6 8. Nc3 Bb4 9. O-O Be6 10. Bg5 Bxc3 11. bxc3 O-O 12. Bxf6 Qxf6 13. cxd5 cxd5 14. Bxd5 Rad8 15. c4 Rd6 16. Qb3 Bxd5 17. cxd5 Qf5 18. Qb4 Rxd5 19. e4 a5 20. Qxf8+ 1-0

[Event "Quebec-ch U20"]
[Site "Montreal CAN"]
[Date "2013.02.09"]
[Round "2"]
[White "Jiang, Louie"]
[Black "Yu, Zong Yang"]
[Result "1-0"]
[WhiteElo "2353"]
[BlackElo "2112"]
[PlyCount "123"]
[GameId "2160767909381844"]
[EventDate "2013.02.08"]
[EventType "swiss"]
[EventRounds "5"]
[EventCountry "CAN"]
[SourceTitle "EXT 2022"]
[Source "ChessBase"]
[SourceDate "2021.10.06"]
[SourceVersion "1"]
[SourceVersionDate "2021.10.06"]
[SourceQuality "1"]

1. c4 Nf6 2. Nf3 d6 3. g3 e5 4. Bg2 c6 5. O-O Be6 6. Qc2 Nbd7 7. d4 h6 8. Nbd2 Be7 9. b3 Qc7 10. Ba3 c5 11. dxe5 dxe5 12. Bb2 O-O 13. Rfd1 Rfe8 14. Nf1 Bd6 15. Ne3 Rad8 16. Nh4 Nb6 17. Rd2 Rd7 18. Bc3 Nc8 19. Qb2 Qb8 20. Rad1 Bc7 21. Rxd7 Bxd7 22. Nd5 Nxd5 23. Bxd5 Nb6 24. Be4 Be6 25. Qc2 Nd7 26. Bh7+ Kh8 27. Bf5 Nf6 28. Bxe6 Rxe6 29. Nf5 Qc8 30. Ne3 Rd6 31. Nd5 Nxd5 32. cxd5 Rd8 33. Qe4 Bd6 34. g4 Qd7 35. Rd3 Qe7 36. Kg2 Kg8 37. Re3 Qg5 38. Rd3 Qf4 39. Qxf4 exf4 40. Kf3 Re8 41. h4 Kh7 42. Rd1 g5 43. h5 Kg8 44. Re1 Bf8 45. e4 fxe3 46. Rxe3 Rxe3+ 47. fxe3 Be7 48. Ke4 f6 49. d6 Bxd6 50. Bxf6 Kf7 51. Bc3 Be7 52. Kf5 Bf8 53. e4 b5 54. e5 Ke7 55. e6 c4 56. bxc4 bxc4 57. a4 Ke8 58. Ke4 Ba3 59. Kd5 Ke7 60. Bg7 Bc1 61. Kxc4 Kxe6 62. Bxh6 1-0

[Event "Quebec-ch U20"]
[Site "Montreal CAN"]
[Date "2013.02.09"]
[Round "2"]
[White "Marsault, Paul"]
[Black "Luo, Alan"]
[Result "0-1"]
[WhiteElo "1013"]
[BlackElo "1190"]
[PlyCount "90"]
[GameId "2160767909381845"]
[EventDate "2013.02.08"]
[EventType "swiss"]
[EventRounds "5"]
[EventCountry "CAN"]
[SourceTitle "hb 2013"]

1. e4 e5 2. Nf3 Nc6 3. Nc3 Nf6 4. Bb5 Bb4 5. d3 Nd4 6. Nxe5 Nxb5 7. O-O Nxc3 8. bxc3 Bxc3 9. Bf4 Bxa1 10. Qxa1 O-O 11. Bg5 d6 12. Nf3 h6 13. Bxf6 Qxf6 14. Qd1 Bg4 15. h3 Bxf3 16. gxf3 Qh4 17. Kh2 f5 18. Qb1 b6 19. Qb2 Rf6 20. Rg1 Qf4+ 21. Rg3 fxe4 22. dxe4 Raf8 23. Kg2 Qe5 24. Qb3+ Qe6 25. Qe3 Rg6 26. f4 Rxg3+ 27. fxg3 Qxa2 28. Qd2 Qc4 29. e5 Qe4+ 30. Kf1 dxe5 31. Kg1 Qd4+ 32. Qf2 Qxf2+ 33. Kxf2 exf4 34. gxf4 Rxf4+ 35. Kg3 Rc4 36. h4 a5 37. c3 a4 38. Kf3 a3 39. Ke3 a2 40. Kd3 Rxh4 41. c4 a1=Q 42. Ke3 Rd4 43. Kf3 Qc3+ 44. Ke2 Rd2+ 45. Ke1 Qc1# 0-1

[Event "Quebec-ch U20"]
[Site "Montreal CAN"]
[Date "2013.02.09"]
[Round "2"]
[White "Saha, Ananda"]
[Black "Zhang, Evan"]
[Result "0-1"]
[WhiteElo "1647"]
[BlackElo "1408"]
[PlyCount "60"]
[GameId "2160767909381846"]
[EventDate "2013.02.08"]
[EventType "swiss"]
[EventRounds "5"]
[EventCountry "CAN"]
[SourceTitle "EXT 2022"]
[Source "ChessBase"]
[SourceDate "2021.10.06"]
[SourceVersion "1"]
[SourceVersionDate "2021.10.06"]
[SourceQuality "1"]

1. d4 Nf6 2. c4 e6 3. Nc3 Bb4 4. e3 c5 5. Nge2 cxd4 6. exd4 d5 7. c5 a6 8. a3 Ba5 9. b4 Bc7 10. Bf4 Bd7 11. a4 O-O 12. b5 Bxf4 13. Nxf4 Qa5 14. Rc1 Ne4 15. Qb3 e5 16. Nfe2 axb5 17. Qxd5 Bc6 18. Qb3 exd4 19. Nxd4 Nxc5 20. Qc2 bxa4 21. Nxc6 Nxc6 22. Be2 Nb4 23. Qb1 Nd5 24. Qb5 Qxb5 25. Nxb5 Rfc8 26. O-O Nb3 27. Rxc8+ Rxc8 28. Nd6 Rc7 29. Bc4 Nd2 30. Re1 Nf6 0-1